04389nam a22003737a 4500003000900000005001700009008003100026020001500057040002200072082002000094092000900114100003500123245008100158250001100239260004400250300002100294500007300315500005700388505286500445590002603310650005003336650002403386650005403410650002403464650002703488910001103515942001203526945002703538952012803565952013803693952013403831956003303965999001703998DO-SdBNP20210420123857.0171110b 2005 dr| 00| 0 spa d a9993439428 aBPMSUbspacBPMSU a410 bC422e222 a b 1 aCéspedes, Diógenes,d1941-10aEnsayos sobre lingüística, poética y cultura /cDiógenes Céspedes. a2a ed. aSanto Domingo :bLa Trinitaria ;c2005. a475 p. ;c23 cm. aIncluye referencias bibliográficas y notas al pie de las páginas aIncluye datos biográficos del autor en las solapas0 aPresentación -- Introducción -- Lingüística -- La semiótica no se ocupa de textos literarios -- Pedro Henríquez Ureña sí leyó a Saussure -- La prueba definitiva de que Pedro Henríquez Ureña leyó a Saussure -- Poética -- El riesgo de la poética de Rafael Catalá -- ¿Es Balaguer poeta? -- Introducción a una antología valorativa de textos literarios dominicanos (1900-1991) -- El ritmo : ideas y prácticas en seis escritores del Caribe e Hispanoamérica -- El entremés de Cristobal de Llerena íntegro por primera vez en la prensa -- La cuentística de Miguel Phipps o la transición entre dos culturas -- Los héroes de la generación X -- La literatura de la generación X -- La estrategia política del grupo poético del 48 -- Retratos contemporáneos. Henri Meschonnic : la influencia de su poética -- Retratos contemporáneos : Octavio Paz (1914-98) : entre la fe y el conocimiento -- Las imágenes del haitiano en la literatura dominicana -- La crítica literaria francesa y su influjo en la República Dominicana -- Balaguer, ¿padre de la democracia y la poesía? -- Joaquín Balaguer : el círculo de una vida literaria -- Juan Bosch : un ensayista de su tiempo -- Juan Bosch: un escritor para siempre -- La ética de pensar es práctica individual del sujeto -- Situación de la crítica literaria dominicana hasta el 2002 -- La poética de Gastón F. Deligne -- La poética de Federico Bermúdez -- El valor literario como problema en el discurso filosófico de Juan Francisco Sánchez -- Música popular (Sin partituras ) -- Apuntes sobre la función ideológica del bolero -- Lectura semántica de algunos boleros -- El flamenco : música nacional de España (Esquema para un programa radial) 296 -- Investigación y revalorización del merengue -- Una joya de disco compacto -- Brito el grande -- Brito, la voz -- Brito : el poema en la canción -- Brito, romanzas famosas -- Brito, romanzas famosas, y punto -- Eduardo Brito en CD -- Brito, canciones y contexto epocal -- Tito Cánepa, vivencias de un pintor -- Juan Luis Guerra y el riesgo de la creatividad -- Silvio Rodríguez, más allá de la función ideológica -- El jazz blanco de Kenny Neal -- Sistemas de signos : dándoles palos a los palos -- El jazz dominicano : entre la creatividad y la búsqueda de estatus social -- Filosofía del bolero -- Miguel Holguín Veras corrige el álbum Cerón-Contín Aybar -- La bachata : una visión personal 400 -- Cultura -- Notas para un comentario sobre los posmoderno -- Crítica al racionalismo del posmodernismo -- La ausencia de cultura popular en el discurso tradicional sobre la dominicanidad -- El deporte como cultura (Sosa y McGwire : calidad y competitividad en un mundo de identidades cambiantes) -- ¿Existe nación dominicana?. 6Inventariado, 2021/VM 4aLingüísticavEnsayos, conferencias, etc.  4aEnsayos dominicanos 4aAutores dominicanos vEnsayos, conferencias, etc 4aLenguaje y cultura. 4a Literatura dominicana aVMateo 2ddccBK aInventariado, 2018 /LP 00102ddc40708CDaBPMETbBPMETd2017-11-10eBNPHUl0oBPMSU CD 410 C422e 2005pBPMSU17110150r2017-11-10w2017-11-10yBK 00102ddc40708CDaBPMETbBPMETd2021-03-09eComprai l0oBPMSU CD 410 C422e 2005pBPMSU21030019r2021-03-09te.2w2021-03-09yBK 00102ddc40708CDaBPMETbBPMETd2021-03-09eComprai oBPMSU CD 410 C422e 2005pBPMSU21040031r2021-04-20te.3w2021-03-09yBK aBTAVAREZb10c20171110d0038 c12846d12846